|
|
|
|
| LEADER |
00000cam a2200000 a 4500 |
| 001 |
1/119217 |
| 008 |
190618n195u####gr | ||| |||| ||gre|| |
| 040 |
|
|
|a GR-MyUa
|b gre
|c GR-MyUa
|e AACR2
|
| 041 |
0 |
|
|a gre
|
| 082 |
7 |
|
|a 516.2
|2 (23)
|
| 100 |
1 |
|
|a Ιωαννίδης, Ι. Γ.
|
| 245 |
1 |
0 |
|a Γεωμετρία των μη επιπέδων σχημάτων :
|b αποδεικτικαί προτάσεις και προβλήματα /
|c Ι. Γ. Ιωαννίδη.
|
| 260 |
|
|
|a Αθήναι :
|b [χ.ό.],
|c [195-].
|
| 300 |
|
|
|a 511 σ. ;
|c 25 εκ.
|
| 500 |
|
|
|a Δια τους μαθητές του Λυκείου και τους υποψηφίους του ακαδημαϊκού απολυτηρίου.
|
| 500 |
|
|
|a Στη σελίδα τίτλου υπάρχει ιδιόχειρη αφιέρωση του συγγραφέα : "Εις τον φίλον Π. Μάγειρα με αγάπη, υπογραφή"
|
| 650 |
|
0 |
|a Geometry
|x Problems, exercises, etc.
|
| 650 |
|
0 |
|a Geometry
|x Study and teaching (Secondary)
|z Greece.
|
| 650 |
|
0 |
|a Geometry, Plane.
|
| 852 |
|
|
|a INST
|b SAMOS
|c MAG
|e 20190618
|h 516.2 ΙΩΑ
|p 005300034492
|q 005300034492
|t BK
|y 0
|
| 970 |
|
|
|a Γουβάλα
|b Βάσω
|z 18-06-2019
|